Background and foreground :

This book introdce eternal questions, the road ahead, the world scene, high drama, the American scene, the art of living, the living arts, men and ideas, male, female and offspring, remainders and reminders.

Spremljeno u:
Bibliografski detalji
Format: Knjiga
Jezik:Undetermined
Izdano: Great Neck, N.Y. Channel Press 1960
Teme:
Oznake: Dodaj oznaku
Bez oznaka, Budi prvi tko označuje ovaj zapis!
Thư viện lưu trữ: Trung tâm Học liệu Trường Đại học Cần Thơ
LEADER 00727nam a2200181Ia 4500
001 CTU_231852
008 210402s9999 xx 000 0 und d
082 |a 081 
082 |b B126 
245 0 |a Background and foreground : 
245 3 |c An anthology of articles from the New York times magazine 
260 |a Great Neck, N.Y. 
260 |b Channel Press 
260 |c 1960 
520 |a This book introdce eternal questions, the road ahead, the world scene, high drama, the American scene, the art of living, the living arts, men and ideas, male, female and offspring, remainders and reminders. 
650 |a Báo New York times,New York times 
910 |b dqhieu 
980 |a Trung tâm Học liệu Trường Đại học Cần Thơ